00485nam a2200193Ia 4500008004100000020001400041050001400055100002100069245002300090245002800113245005100141260001500192260001600207260000900223300001400232300002700246300001000273500000800283170918s9999 xx 000 0 und d a439140870 bM123 2000 aMaccarone, Grace 2aA child was born : ba first nativity book / cGrace Maccarone ; illustrated by Sam Williams. aNew York : bScholastic, c2000 aunpaged : bcolored illustration ; c19cm. a370